01277nam a2200385 i 450000100060000000300090000600500170001500800390003201500180007102000150008903500210010404000280012504600090015308000170016208000120017910000280019124500500021926000700026930000560033933600270039533700540042233800280047638000160050438800100052050400240053065000290055465000210058365000260060465000270063065000220065765500300067965800280070971000560073785600980079346694KOSZ 00520220118125117.0050525s2005 pl a f f |000 0 pol aPB 2005/10389 a8370858643 a(OCoLC)830658767 aWA NcWA NdKOSZ 005/HR k2005 a621.1.01:536 a(075.8)1 aKmieć, AndrzejeAutor10aProcesy cieplne i aparaty /cAndrzej Kmieć. aWrocław :bOficyna Wydawnicza Politechniki Wrocławskiej,c2005. a226, [1] s. :brys., wykr. (w tym kolor.) ;c24 cm. 2rdacontentaTekstbtxt 2rdamediaaBez urządzenia pośredniczącegobn 2rdacarrieraWoluminbnc aKsiążki a2001- aBibliogr. s. [227]. 4aTermodynamika techniczna 4aIzolacje cieplne 4aPrzewodnictwo cieplne 4aPromieniowanie cieplne 4aWymiennik ciepła 4aPodręczniki akademickie aInżynieria i technika2 aOficyna Wydawnicza Politechniki Wrocławskiej4pbl. uhttp://koha.tu.koszalin.pl/cgi-bin/koha/opac-detail.pl?biblionumber=46694yKatalog online BPK